01452nam a2200325 i 4500001001000000003000900010005001700019007000300036008004100039040003000080082003000110100004400140245004200184250001200226264004200238300002800280336002700308337003300335338002800368505011400396590002600510600007900536650009700615651006800712910003700780942001400817952013600831952014200967999001701109000049219DO-SdBNP20260321073644.0ta190726s1989 dr 000 j spa d aDO-SdBNPbspacBNPHUerda 4a364.1323bB742f, 19892221 a Bosch, Juan, d1909-2001eautor97655513aLa fortuna de Trujillo /cJuan Bosch. a3a. ed. aSanto Domingo :bAlfa y Omega,c1989. a117 páginas ;c23 cm. 2rdacontentatextobtxt 2rdamediaasin mediaciónbn 2rdacarrieravolumenbnc0 aDel libro Trujillo, causas de una tiranía sin ejemplo -- La fortuna de Trujillo -- Los negocios de Trujillo aInventariado, 2019/VM14aTrujillo Molina, Rafael Leónidas,d1891-1961xFinanzas personales954397 4aCorrupción políticazRepública DominicanaxHistoriayEra de Trujillo, 1930-1961965286 4aRepública DominicanaxPolítica y gobiernoy1930 - 19619479 aValidado. Control de calidad MFF 2ddccLBS1 00102ddc51708PDaBNPHUbBNPHUcHDd2019-07-30eDonaciónoBNPHU PD 364.1323 B742f 1989p49220-10r2020-06-25w2020-06-25yLBS1 00102ddc51708PDaBNPHUbBNPHUcHDd2022-03-25eDonaciónoBNPHU PD 364.1323 B742f 1989p2022-0994r2022-03-25te.2w2022-03-25yLBS1 c48707d48707